<?xml version="1.0" encoding="UTF-8"?>
<record
    xmlns:xsi="http://www.w3.org/2001/XMLSchema-instance"
    xsi:schemaLocation="http://www.loc.gov/MARC21/slim http://www.loc.gov/standards/marcxml/schema/MARC21slim.xsd"
    xmlns="http://www.loc.gov/MARC21/slim">

  <leader>00534nam a22001337a 4500</leader>
  <controlfield tag="008">250117b        |||||||| |||| 00| 0 eng d</controlfield>
  <datafield tag="020" ind1=" " ind2=" ">
    <subfield code="a">9798376161821</subfield>
  </datafield>
  <datafield tag="050" ind1=" " ind2=" ">
    <subfield code="a">QA76.73</subfield>
    <subfield code="b">.P98R63</subfield>
  </datafield>
  <datafield tag="100" ind1=" " ind2=" ">
    <subfield code="a">Robbins, Philip</subfield>
  </datafield>
  <datafield tag="245" ind1=" " ind2=" ">
    <subfield code="a">Python programming for beginners :</subfield>
    <subfield code="b">The completeguide to mastering python in 7 days with hands- on exercises- top secret coding tips to get an unfair advantage and land your dream job /by</subfield>
    <subfield code="c">Philip Robbins</subfield>
  </datafield>
  <datafield tag="260" ind1=" " ind2=" ">
    <subfield code="a">Great Britain</subfield>
    <subfield code="b">Amazon</subfield>
    <subfield code="c">2023</subfield>
  </datafield>
  <datafield tag="300" ind1=" " ind2=" ">
    <subfield code="a">122p.</subfield>
    <subfield code="b">Includes References</subfield>
  </datafield>
  <datafield tag="942" ind1=" " ind2=" ">
    <subfield code="2">lcc</subfield>
    <subfield code="c">BK</subfield>
  </datafield>
  <datafield tag="999" ind1=" " ind2=" ">
    <subfield code="c">20572</subfield>
    <subfield code="d">20571</subfield>
  </datafield>
  <datafield tag="952" ind1=" " ind2=" ">
    <subfield code="0">0</subfield>
    <subfield code="1">0</subfield>
    <subfield code="2">lcc</subfield>
    <subfield code="7">0</subfield>
    <subfield code="a">KNTC</subfield>
    <subfield code="b">KABU</subfield>
    <subfield code="d">2025-01-17</subfield>
    <subfield code="g">5280.00</subfield>
    <subfield code="i">2025/0849</subfield>
    <subfield code="l">1</subfield>
    <subfield code="o">QA76.73 .P98R63 2023 C.1</subfield>
    <subfield code="p">33611</subfield>
    <subfield code="r">2025-02-27 14:42:31</subfield>
    <subfield code="s">2025-02-04</subfield>
    <subfield code="t">C.1</subfield>
    <subfield code="w">2025-01-17</subfield>
    <subfield code="y">BK</subfield>
  </datafield>
  <datafield tag="952" ind1=" " ind2=" ">
    <subfield code="0">0</subfield>
    <subfield code="1">0</subfield>
    <subfield code="2">lcc</subfield>
    <subfield code="7">0</subfield>
    <subfield code="a">KNTC</subfield>
    <subfield code="b">KNTC</subfield>
    <subfield code="d">2025-01-17</subfield>
    <subfield code="g">5280.00</subfield>
    <subfield code="i">2025/0850</subfield>
    <subfield code="l">0</subfield>
    <subfield code="o">QA76.73 .P98R63 2023 C.2</subfield>
    <subfield code="p">33612</subfield>
    <subfield code="r">2025-01-17 12:57:31</subfield>
    <subfield code="t">C.2</subfield>
    <subfield code="w">2025-01-17</subfield>
    <subfield code="y">BK</subfield>
  </datafield>
</record>
